000
00219nam a22000977a 4500
999
_c
16039
_d
16039
003
OSt
008
191028b ||||| |||| 00| 0 eng d
100
_a
Brothers,K R.
_9
4499
245
_a
Shabdhardha rathnakaram
942
_c
BK